000 00478nam a2200169Ia 4500
005 20250508161851.0
008 008 250505s9999 xx 000 0 eng d
037 _aTextual
040 _aFEDL
_beng
_cFEDL
041 _aeng
_2eng
084 _a378.73, BEN
_qFEDL
100 _aBen-David Joseph
245 0 _aCarnegie commission on higher education : Sponsored research studies
300 _a137p.
942 _cTEXL
_h378.73, BEN
999 _c1372827
_d1372827